000 00733nam 22002293 4500
001 200026
021 _aPT
_b27 047/89
090 _a200026
100 _a20260119d u||y0pory50 ba
101 _apor
102 _aPT
200 _aO Ensino Básico em Portugal
_fEurico Lemos Pires [et al.]
205 _a
210 _aPorto
_cEdições Asa / Clube do Professor
_d1989
215 _a237, [3] p. : quadros, map.
_cEncadernado
_d22 cm
225 _aBiblioteca Básica de Educação e Ensino
_v6
606 _95170
_aCiências Sociais Educação
675 _a373.3/.4(469)/PIR/ENS
_vPT
_zpor
700 _915830
_aPires
_bEurico Lemos
_f1927-2018
801 _aPT
_bBMMN
_gRPC
830 _cCarlos Pinto
_d19-01-2026
_fCarlos Pinto
990 _cLIVROS